000 00552nam a2200205Ia 4500
005 20250508165737.0
008 008 250505s9999 xx 000 0 eng d
037 _aTextual
040 _aFEDL
_beng
_cFEDL
041 _aeng
_2eng
084 _a531.112, JAR
_qFEDL
100 _aJardine Jim
_9781787
245 0 _aMass in motion
260 _aLondon, UK
_bLongmans, Green and Co.
_c1970
300 _a64p.
490 _aLongman physics topics
546 _aC.S.E.C
942 _cTEXL
_h531.112, JAR
999 _c1397198
_d1397198